000 01582nam a22002297a 4500
999 _c57179
_d57179
003 Ge_BSU
005 20191224095820.0
008 191224s2003 ge ||||| |||| 00| 0 geo d
020 _a9992807687
040 _a
041 _ageo
080 _a311 ს-32
245 _aსაქართველოს მოსახლეობის 2002 წლის პირველი ეროვნული საყოველთაო აღწერის შედეგები :
_bტ. 1. /
_cსაქ. სტატისტიკის სახ. დეპარტამენტი ; [წიგნი მოამზადა სამუშაო ჯგუფმა: ციალა ელიაძე (ხელმძღვ.), ნათელა ქველაძე, ირაკლი აფხაიძე და სხვ. ; სარედ. კოლ.: თეიმურაზ ბერიძე (მთ. რედ.) და სხვ.
264 _aთბილისი,
_c2003.
300 _a220 გვ.
_b26 სმ.
653 _aსაქართველოს მოსახლეობის სტატისტიკა
653 _aსაქართველოს მოსახლეობის 2002 წლის აღწერა
700 _aელიაძე, ციალა
_95930
700 _aბერიძე, თეიმურაზ
_eრედაქტორი
_95931
710 _aსაქართველოს სტატისტიკის სახ. დეპარტამენტი
_95932
942 _2udc
_cBK